[Event "Glasgow op"]
[Site "Glasgow"]
[Date "2023.11.05"]
[Round "4"]
[White "Railwani, Tavish"]
[Black "Roul, Tushar"]
[Result "1-0"]
[WhiteElo "1582"]
[BlackElo "1611"]
[PlyCount "133"]
[EventDate "2023.11.03"]
[EventType "swiss"]
[EventRounds "5"]
[EventCountry "SCO"]
[SourceTitle "Mega2024 Update 01"]
[Source "Chessbase"]
[SourceDate "2023.11.12"]
[SourceVersion "1"]
[SourceVersionDate "2023.11.12"]
[SourceQuality "1"]

1. e4 c5 2. Nf3 e6 3. d4 cxd4 4. Nxd4 Nc6 5. Be3 Qc7 6. Nc3 a6 7. Be2 b5 8. a3 Bb7 9. 0-0 Nf6 10. Nxc6 Bxc6 11. Bf3 Bd6 12. h3 0-0 13. Re1 Be7 14. Bg5 d6 15. Bh4 Rfe8 16. Bg3 Nd7 17. Qd2 Rad8 18. Rad1 Ne5 19. Qe2 Bf6 20. Bxe5 dxe5 21. Rd2 Rd4 22. Red1 Red8 23. Qe1 Qd7 24. Rxd4 exd4 25. Ne2 e5 26. Ng3 Be7 27. Bg4 Qc7 28. Nf5 Bc5 29. b4 Bb6 30. Bf3 g6 31. Ng3 Bd7 32. Qd2 Kg7 33. Re1 Be6 34. Qg5 Kh8 35. h4 Qd6 36. h5 Rc8 37. h6 Bd8 38. Qd2 Rc3 39. Rd1 Qc6 40. Rc1 Rxa3 41. Ne2 Bc4 42. Ng3 Rc3 43. Be2 f6 44. Qd1 Be7 45. Bxc4 Rxc4 46. Qg4 Qc8 47. Nf5 Bf8 48. Qh4 Qe6 49. Ng3 d3 50. c3 Bxb4 51. Rd1 Rxc3 52. Ne2 Rc6 53. Rxd3 Be7 54. Qg3 b4 55. Qe3 Rc7 56. Qd2 Kg8 57. Rd8+ Kf7 58. Rh8 g5 59. Rxh7+ Kg6 60. Rh8 Rc8 61. Rxc8 Qxc8 62. Ng3 Bf8 63. Qe2 g4 64. Nf5 Qc1+ 65. Kh2 Qf4+ 66. g3 Qf3 67. Nh4+ 1-0

[Event "SCO-ch op 128th"]
[Site "Dunfermline"]
[Date "2023.07.09"]
[Round "4"]
[White "Vasiliadis, Theodoros"]
[Black "Roul, Tushar"]
[Result "1-0"]
[WhiteElo "1817"]
[BlackElo "1545"]
[PlyCount "118"]
[EventDate "2023.07.07"]
[EventType "swiss"]
[EventRounds "5"]
[EventCountry "SCO"]
[SourceTitle "CBM 215 Extra"]
[Source "ChessBase"]
[SourceDate "2023.09.30"]
[SourceVersion "1"]
[SourceVersionDate "2023.09.30"]
[SourceQuality "1"]

1. d4 Nf6 2. c4 e6 3. g3 Bb4+ 4. Bd2 Bxd2+ 5. Nxd2 Qe7 6. Ngf3 d6 7. Bg2 e5 8. e3 0-0 9. 0-0 Re8 10. b4 h6 11. Qb3 Nbd7 12. a4 c6 13. a5 a6 14. c5 d5 15. dxe5 Nxe5 16. Nd4 Ng6 17. Rfe1 Ne4 18. Nb1 Ne5 19. f3 Nf6 20. Nd2 Be6 21. Qc3 Qd7 22. Rad1 Rad8 23. N2b3 Qc7 24. f4 Nc4 25. f5 Bc8 26. e4 Ne5 27. exd5 Nxd5 28. Bxd5 Rxd5 29. Qe3 Red8 30. Rf1 f6 31. Qf4 Qf7 32. Kg2 Nc4 33. Rde1 Ne5 34. Re3 Nc4 35. Rc3 Ne5 36. Re1 Rxd4 37. Nxd4 Qd5+ 38. Nf3 Nd3 39. Rxd3 Qxd3 40. g4 h5 41. h3 hxg4 42. hxg4 Bd7 43. Qe4 Qxe4 44. Rxe4 Kf8 45. Rd4 Ke7 46. Kg3 Rh8 47. Nh4 Be8 48. Re4+ Kd7 49. Re6 Bf7 50. Rd6+ Kc7 51. Nf3 Re8 52. g5 fxg5 53. Nxg5 Bd5 54. Kf4 Rh8 55. Rg6 Rh4+ 56. Ke5 Rxb4 57. Rxg7+ Kc8 58. f6 Rb3 59. f7 Bxf7 1-0

[Event "Ayr op"]
[Site "Ayr"]
[Date "2023.05.20"]
[Round "2"]
[White "Newton, Andrew"]
[Black "Roul, Tushar"]
[Result "1-0"]
[WhiteElo "1917"]
[BlackElo "1446"]
[PlyCount "45"]
[EventDate "2023.05.19"]
[EventType "swiss"]
[EventRounds "5"]
[EventCountry "SCO"]
[SourceTitle "EXT 2024"]
[Source "ChessBase"]
[SourceDate "2023.10.10"]
[SourceVersion "1"]
[SourceVersionDate "2023.10.10"]
[SourceQuality "1"]

1. e4 c6 2. d4 d5 3. Nc3 dxe4 4. Nxe4 Nf6 5. Nxf6+ exf6 6. Bc4 Bd6 7. Qe2+ Be7 8. c3 0-0 9. Qh5 Bd6 10. Ne2 Qc7 11. Bd3 g6 12. Qh4 f5 13. Bg5 Re8 14. 0-0 Be7 15. Rae1 Bxg5 16. Qxg5 Be6 17. Nf4 Nd7 18. Re3 Qd8 19. Qh6 Qf6 20. Rfe1 Nf8 21. Nh5 Qh8 22. Qg5 Nd7 23. Bxf5 1-0

[Event "Perth op-A"]
[Site "Perth"]
[Date "2023.04.22"]
[Round "3"]
[White "Roul, Tushar"]
[Black "Emery, Keith"]
[Result "1-0"]
[WhiteElo "1420"]
[BlackElo "1859"]
[PlyCount "85"]
[EventDate "2023.04.21"]
[EventType "swiss"]
[EventRounds "5"]
[EventCountry "SCO"]
[SourceTitle "EXT 2024"]
[Source "ChessBase"]
[SourceDate "2023.10.10"]
[SourceVersion "1"]
[SourceVersionDate "2023.10.10"]
[SourceQuality "1"]

1. e4 Nf6 2. e5 Nd5 3. d4 d6 4. c4 Nb6 5. exd6 cxd6 6. Nc3 g6 7. Nf3 Bg7 8. Be3 0-0 9. Be2 Nc6 10. h3 Qc7 11. Rc1 Nd7 12. 0-0 e5 13. b3 Ne7 14. Bd3 f5 15. Ng5 Nf6 16. Nb5 Qb8 17. dxe5 dxe5 18. c5 h6 19. Bc4+ Kh8 20. Nf7+ Kh7 21. Nbd6 Nc6 22. Bd2 Nd4 23. Nxe5 Ne4 24. Nef7 Be6 25. Bxe6 Nxe6 26. Nxe4 Rxf7 27. Ng3 Bd4 28. Qe2 Nf4 29. Bxf4 Qxf4 30. Qc4 Re7 31. Ne2 Qd2 32. Nxd4 Re4 33. Qf7+ Kh8 34. Ne6 Rg8 35. Nf8 Rg7 36. Nxg6+ Kh7 37. Qxf5 Rxg6 38. Qxe4 Qg5 39. Rcd1 Kh8 40. Rd3 Rg8 41. Rg3 Qxc5 42. Rxg8+ Kxg8 43. Qg6+ 1-0

[Event "Livingston Allegro op"]
[Site "Livingston"]
[Date "2023.04.02"]
[Round "2"]
[White "Berera, Siddharth"]
[Black "Roul, Tushar"]
[Result "1-0"]
[WhiteElo "1806"]
[BlackElo "1600"]
[PlyCount "78"]
[EventDate "2023.04.02"]
[EventType "swiss (rapid)"]
[EventRounds "5"]
[EventCountry "SCO"]
[SourceTitle "CBM 213 Extra"]
[Source "ChessBase"]
[SourceDate "2023.05.31"]
[SourceVersion "1"]
[SourceVersionDate "2023.05.31"]
[SourceQuality "1"]

1. e4 c6 2. d4 d5 3. exd5 cxd5 4. Bd3 Nc6 5. c3 Nf6 6. Bf4 Bg4 7. Qb3 Qd7 8. Nd2 e6 9. Ngf3 Bd6 10. Bxd6 Qxd6 11. 0-0 0-0 12. Rfe1 Qc7 13. Ne5 Nxe5 14. dxe5 Nd7 15. Qa4 Bh5 16. Bxh7+ Kxh7 17. Qh4 g6 18. g4 Kg7 19. f4 Qb6+ 20. Kh1 Rh8 21. gxh5 Rxh5 22. Qg3 Rah8 23. Nf3 Nc5 24. h4 Ne4 25. Qh2 Qd8 26. Kg1 Qb6+ 27. Kf1 Qb5+ 28. Kg1 Qc5+ 29. Kf1 Qc4+ 30. Kg1 Qd3 31. Qe2 Nc5 32. Rad1 Qf5 33. c4 dxc4 34. Qxc4 Qh3 35. Kf2 Rxh4 36. Rh1 Rxf4 37. Qxf4 Qxh1 38. Qf6+ Kg8 39. Rd8+ Kh7 1-0

[Event "Livingston Allegro op"]
[Site "Livingston"]
[Date "2023.04.02"]
[Round "3"]
[White "Kerridge, Simon"]
[Black "Roul, Tushar"]
[Result "0-1"]
[WhiteElo "1469"]
[BlackElo "1600"]
[PlyCount "148"]
[EventDate "2023.04.02"]
[EventType "swiss (rapid)"]
[EventRounds "5"]
[EventCountry "SCO"]
[SourceTitle "CBM 213 Extra"]
[Source "ChessBase"]
[SourceDate "2023.05.31"]
[SourceVersion "1"]
[SourceVersionDate "2023.05.31"]
[SourceQuality "1"]

1. d4 Nf6 2. Nc3 d5 3. Bf4 c6 4. e3 Bf5 5. f3 e6 6. g4 Bg6 7. h4 h6 8. Bd3 Bxd3 9. Qxd3 Bd6 10. 0-0-0 Qc7 11. Nge2 Nbd7 12. Kb1 0-0-0 13. Bxd6 Qxd6 14. Rdg1 Nb6 15. b3 c5 16. dxc5 Qxc5 17. Qd4 Qc7 18. f4 Kb8 19. Nb5 Qd7 20. Qe5+ Ka8 21. g5 Qxb5 22. gxf6 Qxe2 23. Rxg7 Rc8 24. Rxf7 Qxc2+ 25. Ka1 d4 26. Qxd4 Nd5 27. Qb2 Qxb2+ 28. Kxb2 Rhf8 29. Rxf8 Rxf8 30. Rg1 a6 31. Rg6 Rxf6 32. h5 Kb8 33. Kc2 Kc7 34. Kd3 Rxg6 35. hxg6 Nf6 36. e4 Kc6 37. e5 Ng8 38. Ke4 Kd7 39. f5 exf5+ 40. Kxf5 Ke7 41. e6 h5 42. Kg5 Kxe6 43. Kxh5 Kf6 44. g7 Kxg7 45. Kg5 Kf7 46. Kf5 Ke7 47. Ke5 Nf6 48. b4 Ne8 49. a4 Kd7 50. Kd5 Nf6+ 51. Kc5 Kc7 52. a5 Ne4+ 53. Kd5 Nc3+ 54. Kc5 Nb5 55. Kd5 b6 56. Kc4 Kc6 57. axb6 Kxb6 58. Kb3 Nd4+ 59. Ka4 Nc6 60. Kb3 Kb5 61. Ka3 Nxb4 62. Kb3 a5 63. Ka3 a4 64. Kb2 Kc4 65. Ka3 Kb5 66. Kb2 Nd5 67. Ka3 Nb6 68. Kb2 Kb4 69. Ka2 Nc4 70. Kb1 Kb3 71. Ka1 Na5 72. Kb1 Nc6 73. Ka1 Nb4 74. Kb1 Nc2 0-1

[Event "Edinburgh Park op"]
[Site "Edinburgh"]
[Date "2023.03.04"]
[Round "1"]
[White "Roul, Tushar"]
[Black "Andal, Edmond"]
[Result "0-1"]
[WhiteElo "1600"]
[BlackElo "1940"]
[PlyCount "91"]
[EventDate "2023.03.04"]
[EventType "swiss"]
[EventRounds "5"]
[EventCountry "SCO"]
[SourceTitle "CBM 213 Extra"]
[Source "ChessBase"]
[SourceDate "2023.05.31"]
[SourceVersion "1"]
[SourceVersionDate "2023.05.31"]
[SourceQuality "1"]

1. e4 c5 2. Nf3 e6 3. d4 cxd4 4. Nxd4 a6 5. Be2 Nf6 6. Bg5 Qa5+ 7. Bd2 Qb6 8. Nb3 Nxe4 9. 0-0 Nxd2 10. N1xd2 Be7 11. Bd3 0-0 12. Re1 d6 13. c3 Nd7 14. Nc4 Qc7 15. Qh5 g6 16. Qg4 d5 17. Ne3 Bf6 18. f4 Qb6 19. Kf2 Bg7 20. g3 e5 21. Kg2 Qc6 22. Nc2 Nf6 23. Qe2 e4 24. Ncd4 Qd7 25. Bc2 Qh3+ 26. Kg1 Bg4 27. Qg2 Qh5 28. Bd1 Rfe8 29. Bxg4 Qxg4 30. Re3 Qd7 31. h3 a5 32. Rd1 a4 33. Nc1 a3 34. b3 Qc7 35. Nce2 Nd7 36. Nc2 Qc5 37. Ned4 Rad8 38. Qe2 Qc8 39. Nxa3 Nc5 40. c4 Qxh3 41. Ndc2 d4 42. Nb5 dxe3 43. Ncd4 Qxg3+ 44. Kf1 Nd3 45. Rxd3 exd3 46. Qd1 0-1

[Event "Robinson Cup"]
[Site "Cardiff"]
[Date "2022.07.21"]
[Round "5.2"]
[White "Roul, Tushar"]
[Black "Ivanov, Andrey A2222"]
[Result "0-1"]
[WhiteElo "1602"]
[BlackElo "1844"]
[PlyCount "61"]
[EventDate "2022.07.19"]
[EventType "team-tourn"]
[EventRounds "6"]
[EventCountry "WLS"]
[SourceTitle "CBM 210 Extra"]
[Source "ChessBase"]
[SourceDate "2022.11.30"]
[SourceVersion "1"]
[SourceVersionDate "2022.11.30"]
[SourceQuality "1"]
[WhiteTeam "Scotland"]
[BlackTeam "Ireland"]
[WhiteTeamCountry "SCO"]
[BlackTeamCountry "IRL"]

1. e4 c5 2. Nf3 g6 3. d4 cxd4 4. Nxd4 Bg7 5. Nc3 Nc6 6. Be3 Nf6 7. f3 0-0 8. Qd2 d5 9. exd5 Nxd5 10. Nxd5 Qxd5 11. Nxc6 Qxc6 12. c3 Bf5 13. Be2 Rfd8 14. Qc1 Bd3 15. Bxd3 Rxd3 16. Kf2 Rad8 17. Re1 Qd6 18. h3 Bf6 19. Kg1 Bh4 20. Bf2 Bxf2+ 21. Kxf2 Rd2+ 22. Re2 Qc5+ 23. Kf1 Qc4 24. Qe1 Rxb2 25. Kf2 Rxe2+ 26. Qxe2 Qxc3 27. Rd1 Qc5+ 28. Kf1 Rxd1+ 29. Qxd1 Qd6 30. Qb3 Qa6+ 31. Ke1 0-1

[Event "Robinson Cup"]
[Site "Cardiff"]
[Date "2022.07.20"]
[Round "3.2"]
[White "Roul, Tushar"]
[Black "Challoner, Ethan"]
[Result "0-1"]
[WhiteElo "1602"]
[BlackElo "1180"]
[PlyCount "74"]
[EventDate "2022.07.19"]
[EventType "team-tourn"]
[EventRounds "6"]
[EventCountry "WLS"]
[SourceTitle "CBM 210 Extra"]
[Source "ChessBase"]
[SourceDate "2022.11.30"]
[SourceVersion "1"]
[SourceVersionDate "2022.11.30"]
[SourceQuality "1"]
[WhiteTeam "Scotland"]
[BlackTeam "Wales"]
[WhiteTeamCountry "SCO"]
[BlackTeamCountry "WLS"]

1. e4 e5 2. Nf3 Nc6 3. Bb5 a6 4. Ba4 Be7 5. 0-0 b5 6. Bb3 Nf6 7. Re1 0-0 8. c3 d6 9. h3 Na5 10. Bc2 c5 11. d4 Nc6 12. d5 Na5 13. a4 Bd7 14. Nbd2 Nb7 15. Nf1 Qc7 16. Ng3 Rfe8 17. Be3 c4 18. Qd2 Nc5 19. Bxc5 Qxc5 20. Qe3 Qxe3 21. Rxe3 Reb8 22. Re2 g6 23. Ra3 Bd8 24. Bd1 Be8 25. Rc2 Nd7 26. Be2 Nc5 27. Nd2 Nxa4 28. Ngf1 Nc5 29. b3 cxb3 30. Nxb3 Nxe4 31. Nfd2 Nxd2 32. Nxd2 Rc8 33. c4 b4 34. Raa2 a5 35. Rcb2 Bb6 36. Nb3 a4 37. Nd2 b3 0-1

[Event "Robinson Cup"]
[Site "Cardiff"]
[Date "2022.07.19"]
[Round "2.2"]
[White "Ivanov, Andrey A2222"]
[Black "Roul, Tushar"]
[Result "1-0"]
[WhiteElo "1844"]
[BlackElo "1602"]
[PlyCount "129"]
[EventDate "2022.07.19"]
[EventType "team-tourn"]
[EventRounds "6"]
[EventCountry "WLS"]
[SourceTitle "CBM 210 Extra"]
[Source "ChessBase"]
[SourceDate "2022.11.30"]
[SourceVersion "1"]
[SourceVersionDate "2022.11.30"]
[SourceQuality "1"]
[WhiteTeam "Ireland"]
[BlackTeam "Scotland"]
[WhiteTeamCountry "IRL"]
[BlackTeamCountry "SCO"]

1. e4 c6 2. Nc3 d5 3. Nf3 dxe4 4. Nxe4 Nf6 5. Nxf6+ exf6 6. d4 Bd6 7. Be2 0-0 8. 0-0 Bg4 9. h3 Bh5 10. c3 Nd7 11. Re1 Re8 12. Be3 Qc7 13. Qd2 b5 14. Nh4 Bxe2 15. Qxe2 a6 16. Qg4 Nf8 17. Nf5 g6 18. Nh6+ Kg7 19. Qh4 f5 20. Bg5 Nd7 21. Nxf7 h5 22. Nxd6 Qxd6 23. Bf4 Qf6 24. Bg5 Qf7 25. Re3 Re6 26. Rg3 Re4 27. Bf4 Qf6 28. Qxf6+ Kxf6 29. Bg5+ Kf7 30. Re3 Rae8 31. Rae1 Rxe3 32. Rxe3 Rxe3 33. Bxe3 Ke6 34. Kf1 Kd5 35. Ke2 a5 36. Kd3 Nb6 37. b3 Nd7 38. c4+ Ke6 39. d5+ Kd6 40. dxc6 Kxc6 41. cxb5+ Kxb5 42. Kd4 Nf6 43. f3 Ng8 44. Bg5 Kb4 45. Kd5 Ka3 46. Ke6 Kxa2 47. Kf7 Kxb3 48. Kxg8 Kc3 49. Kg7 Kd3 50. Kxg6 Ke2 51. Kxf5 Kf2 52. g4 hxg4 53. fxg4 a4 54. Bf6 a3 55. g5 a2 56. g6 a1Q 57. Bxa1 Kg2 58. g7 Kh1 59. g8Q Kh2 60. Be5+ Kh1 61. Qd5+ Kg1 62. Qd2 Kf1 63. Bg3 Kg1 64. Qf2+ Kh1 65. Qh2# 1-0